00418nam a22001817a 450000500170000000800410001701000100005801100100006803500100007808200210008810000230010924500150013225000100014726000310015730000190018850000130020765000160022020220329141236.0971010s1982 r 00010 d a65007 a65979 a73664 a638.12bR65 198200aRoma Fábrega, A. aApicultura a5 ed. aBarcelona :bSintes,c1982 a332 p.b: ilus a1992-26514aApicultura.